000 00594nam a2200205Ia 4500
005 20250923144626.0
008 008 250917s9999 xx 000 0 eng d
037 _aTextual
040 _aDSWL
_beng
_cDSWL
041 _aeng
_2eng
084 _aX:89My7, J8
_qDSWL
100 _aLafitte, Paul
_9826767
245 0 _aSocial structures and personality in the factory
_cby Paul Lafitte
260 _aLondon
_bRoutledge & Kegan Paul
_c1958
300 _axii,228p.
365 _aINR
_b24
925 _g24
942 _cTEXL
_hX:89My7, J8
999 _c1441324
_d1441324